000 00314nam a22001337a 4500
020 _a0-330-35125-7
082 _a823
_bAND/C
100 _aANDREWS, KATE
245 _aTOUGH LUCK CARRIE
260 _aGREAT BRITAIN
_bMACMILLAN CHILDREN'S BOOK
_c1998
300 _a135
650 _aNOVEL
_zUNITED KINGDOM
942 _cBK
999 _c2463
_d2463